|
|
|
|
| LEADER |
00000nab a2200000uu 4500 |
| 001 |
vtls010907239 |
| 003 |
SK-MaSNL |
| 005 |
20260303142532.0 |
| 008 |
230222|2011 xo |||||||||||||||||slo| |
| 015 |
|
|
|a SNBRB
|
| 035 |
|
|
|a (urnnbn)urn:nbn:sk:snk:ar-a07xju
|
| 035 |
|
|
|a (uuid)6a5fd748-2574-4b24-8135-f697d7059e6d
|
| 035 |
|
|
|a urn:nbn:sk:snk-ab8xek
|
| 040 |
|
|
|a SNKBUCL
|b slo
|c SNKBUCL
|e AACR2
|
| 041 |
0 |
|
|a slo
|
| 044 |
|
|
|a xo
|c SK
|
| 100 |
1 |
|
|a Horáková, Dana
|4 aut
|9 287528
|
| 245 |
1 |
0 |
|a Určite si svoj TYP OSOBNOSTI
|c Dana Horáková
|
| 773 |
0 |
|
|t Zisk : vidíme detaily, ktoré tvoria zisk
|g Roč. 3, č. 2 (2011), s. 16-20
|
| 954 |
|
|
|a odborná, vedecká literatúra pôvodná (slovenská)
|2 lita
|
| 958 |
|
|
|a OND
|
| 958 |
|
|
|a EUIPO
|
| 958 |
|
|
|a article10
|
| 999 |
|
|
|c 1983721
|d 1985651
|